Ambedkar, dalits and Buddhism: (Record no. 19119)

MARC details
000 -LEADER
fixed length control field 01095nam a22002657a 4500
008 - FIXED-LENGTH DATA ELEMENTS--GENERAL INFORMATION
fixed length control field 081125t xxu||||| |||| 00| 0 eng d
010 ## - LCCN (DPL NO)
LC control number ENG-91828
020 ## - INTERNATIONAL STANDARD BOOK NUMBER
International Standard Book Number 9788178271866
Terms of availability 700.00
020 ## - INTERNATIONAL STANDARD BOOK NUMBER
International Standard Book Number 8178271869
Terms of availability 700.00
035 ## - SYSTEM CONTROL NUMBER
System control number EN-75361
037 ## - SOURCE OF ACQUISITION
Source of stock number/acquisition DBAD / PUB
040 ## - CATALOGING SOURCE
Original cataloging agency dpl
Language of cataloging English
082 ## - DEWEY DECIMAL CLASSIFICATION NUMBER
Classification number 305.562
245 ## - TITLE STATEMENT
Title Ambedkar, dalits and Buddhism:
Statement of responsibility, etc edited by Nandu Ram
Remainder of title (collection of Dr. Ambedkar memorial annual lectures) /
260 ## - PUBLICATION, DISTRIBUTION, ETC. (IMPRINT)
Place of publication, distribution, etc New Delhi
Name of publisher, distributor, etc Manak Publications
Date of publication, distribution, etc 2008
270 ## - ADDRESS
Address B-7, Saraswati Complex, Subhash Chowk, Laxmi Nagar,
City New Delhi
Postal code 110092
300 ## - PHYSICAL DESCRIPTION
Extent ix, 256p.
Dimensions 23cm (Hb)
500 ## - GENERAL NOTE
General note Includes index
600 ## - SUBJECT ADDED ENTRY--PERSONAL NAME
Personal name Ambedkar, B.R. (Bhimrao Ramji), 1891-1956
General subdivision Political and social views
650 ## - SUBJECT ADDED ENTRY--TOPICAL TERM
Topical term or geographic name as entry element Dalits
General subdivision Government policy
Geographic subdivision India
650 ## - SUBJECT ADDED ENTRY--TOPICAL TERM
Topical term or geographic name as entry element Buddhism & politics
Geographic subdivision India
700 ## - ADDED ENTRY--PERSONAL NAME
Personal name Nandu Ram
942 ## - ADDED ENTRY ELEMENTS (KOHA)
Source of classification or shelving scheme Dewey Decimal Classification
Item type English Books
Call number suffix AMB
Classification part 305.562
Holdings
Withdrawn status Lost status Source of classification or shelving scheme Damaged status Not for loan Collection code Home library Current library Date acquired Source of acquisition Cost, normal purchase price Total Checkouts Full call number Barcode Date last seen Copy number Cost, replacement price Koha item type
    Dewey Decimal Classification   Not For Loan Non-fiction D.B.Act.Division D.B.Act.Division 25/11/2008 DBAD / PUB 700.00   305.562 AMB EN-75361 25/11/2008 1 700.00 English Books

© Delhi Public Library
Hit Counter
free hit counter